000 00780nam a2200229 4500
008 161111b xxu||||| |||| 00| 0 eng d
020 _a978-971-9676-12-6
082 _aDFil 515
_bL11d
_22015
100 _917070
_aLactuan, Imelda R.
245 _aDifferential calculus/
_cImelda R. Lactuan...[and six others]
260 _aMalabon City:
_bJimczyville Publications,
_cc2015.
300 _aiv, 282 pages:
_billustrations;
_c23 cm.
500 _aIncludes bibliographical references.
650 0 _917071
_aCalculus
700 _917072
_aIbaƱez, Edwin D.
700 _917073
_aIcutan, Sherelle Lou S.
700 _917074
_aAbas, Mel S.
700 _917075
_aPaguio, Darwin P.
700 _917076
_aGadia, Ediric D.
700 _917077
_aBaquiran, Mark Denice Y.
942 _2ddc
_cDFIL
999 _c5545
_d5545